| 000 | 00753nam a22002177a 4500 | ||
|---|---|---|---|
| 005 | 20100805120555.0 | ||
| 010 | _aENG-98257 | ||
| 020 |
_a9788184244908 _c850.00 |
||
| 035 | _aEN-81790 | ||
| 037 | _bDBAD/PUB | ||
| 082 | _a004 | ||
| 245 |
_aEmerging technologies in computer science (ETCS-09) / _cedited by Sunil V.K.Gaddam |
||
| 260 |
_aNew Delhi _bAllied Publishers _c2009 |
||
| 270 |
_aA-104 Mayapuri phase II, _bNew Delhi _e110064 |
||
| 300 |
_axx 370p. _c24cm (pbk) |
||
| 500 | _aIncludes index | ||
| 650 |
_aComputer Science _97523 |
||
| 700 |
_aGaddam,Sunil V.K. _97515 |
||
| 942 |
_2ddc _cEN _h004 _mEME |
||
| 999 |
_c39408 _d39408 |
||